SystemC and SystemC-AMS in practice : (Record no. 549)

MARC details
000 -LEADER
fixed length control field 03082cam a22003017i 4500
001 - CONTROL NUMBER
control field 17773876
003 - CONTROL NUMBER IDENTIFIER
control field OSt
005 - DATE AND TIME OF LATEST TRANSACTION
control field 20250420134815.0
008 - FIXED-LENGTH DATA ELEMENTS--GENERAL INFORMATION
fixed length control field 130612t20142014sz a b 001 0 eng d
010 ## - LIBRARY OF CONGRESS CONTROL NUMBER
LC control number 2013942652
020 ## - INTERNATIONAL STANDARD BOOK NUMBER
International Standard Book Number 9783319011462
035 ## - SYSTEM CONTROL NUMBER
System control number (OCoLC)ocn861243800
040 ## - CATALOGING SOURCE
Original cataloging agency CDX
Language of cataloging eng
Transcribing agency KCST
050 00 - LIBRARY OF CONGRESS CALL NUMBER
Classification number QA76.9.S88
Item number B35 2014
082 ## - DEWEY DECIMAL CLASSIFICATION NUMBER
Classification number 003
Item number Sy
100 1# - MAIN ENTRY--PERSONAL NAME
Personal name Banerjee, Amal,
Relator term author.
9 (RLIN) 4893
245 10 - TITLE STATEMENT
Title SystemC and SystemC-AMS in practice :
Remainder of title SystemC 2.3, 2.2 and SystemC-AMS 1.0 /
Statement of responsibility, etc. Amal Banerjee, Balmiki Sur.
260 ## - PUBLICATION, DISTRIBUTION, ETC.
Place of publication, distribution, etc. Cham :
Name of publisher, distributor, etc. Springer,
Date of publication, distribution, etc. 2014.
300 ## - PHYSICAL DESCRIPTION
Extent ix, 460 pages :
Other physical details illustrations ;
Dimensions 24 cm
504 ## - BIBLIOGRAPHY, ETC. NOTE
Bibliography, etc. note Includes bibliographical references and index.
505 0# - FORMATTED CONTENTS NOTE
Formatted contents note Introduction to SystemC -- Downloading, Configuring, Installing and Starting with SystemC -- SystemC Simulation Kernel, Data Types, Communication Primitives Concurrency Control and Main Language Constructs -- Primitive Channels -- Concurrency Control -- Modelling Combinational Logic Circuits, Implicit Events, Primitive Communication Channels and Combinations -- Modelling Sequential Logic Circuits, Implicit Events, Primitive Channels and their Combinations -- Explicit SystemC Events -- Notify-Wait -- Hierarchical Combinational-Sequential System Design -- Introduction to SystemC-AMS -- Downloading, Installing and Getting Started with SystemC-AMS -- SystemC-AMS Formalisms, Data Types and Main Language Constructs -- Small Signal, Linear Domain and Hybrid Models -- Timed Data Flow (TDF) in Practice and Theory -- Linear Signal Flow (LSF) in Practice and Theory -- Electrical Linear Networks (ELN) in Practice and Theory -- Real-World Electrical Linear Networks (ELN), Linear Signal Flow (LSF) and Timed Data Flow (TDF) Combinations -- SystemC-AMS and SystemC Combinations.
520 ## - SUMMARY, ETC.
Summary, etc. This book describes how engineers can make optimum use of the two industry standard analysis/design tools, SystemC and SystemC-AMS (SystemC 2.3, 2.2 and SystemC-AMS 1.0). The authors use a system-level design approach, emphasizing how SystemC and SystemC-AMS features can be exploited most effectively to analyze/understand a given electronic system and explore the design space. The approach taken by this book enables system engineers to concentrate on only those SystemC/SystemC-AMS features that apply to their particular problem, leading to more efficient design. The presentation includes numerous, realistic and complete examples, which are graded in levels of difficulty to illustrate how a variety of systems can be analyzed with these tools. Designed to meet the needs of system designers who need to find an effective/efficient solution in a reasonable period of time; Uses a hands-on approach to demonstrate design examples that are complete, realistic and graded in level of difficulty; Demonstrates the most effective use of SystemC/SystemC-AMS tool features, given a particular problem.
650 #0 - SUBJECT ADDED ENTRY--TOPICAL TERM
Topical term or geographic name entry element System design.
9 (RLIN) 719
650 #0 - SUBJECT ADDED ENTRY--TOPICAL TERM
Topical term or geographic name entry element Systems engineering
General subdivision Computer programs.
9 (RLIN) 4894
700 1# - ADDED ENTRY--PERSONAL NAME
Personal name Sur, Balmiki,
Relator term author.
9 (RLIN) 4895
942 ## - ADDED ENTRY ELEMENTS (KOHA)
Koha item type Book
942 ## - ADDED ENTRY ELEMENTS (KOHA)
Source of classification or shelving scheme Dewey Decimal Classification
Holdings
Withdrawn status Lost status Source of classification or shelving scheme Damaged status Not for loan Home library Current library Date acquired Source of acquisition Cost, normal purchase price Total checkouts Full call number Barcode Date last seen Price effective from Koha item type
    Dewey Decimal Classification     KCST Library KCST Library 04/08/2020 Unknown 0.00   003 Sy 1000000533 04/08/2020 04/08/2020 Book
© 2025 KCST. All rights reserved